00490 2200205 4500001002100000005001500021008004100036020002200077035001900099041000700118082000800125090001400133100001900147245002800166250000600194260004200200300002500242500000700267650001000274INLIS00000000000606020241224113223241224||||||||| | ||| |||| || |  a978-602-03-0566-0 0010-1224006060 aen0 a423 a423 JOH k0 aJohn M. Echols00aKamus Indonesia Inggris a3 aJakartabGramedia Pustaka Utamac2014 axxx,7002 hlm .;23 cm a10 0aKamus